Maternal Health and Family Plannig (Record no. 5399)

MARC details
000 -LEADER
fixed length control field 00399nam a22001697a 4500
003 - CONTROL NUMBER IDENTIFIER
control field OSt
005 - DATE AND TIME OF LATEST TRANSACTION
control field 20210921112716.0
008 - FIXED-LENGTH DATA ELEMENTS--GENERAL INFORMATION
fixed length control field 210921b |||||||| |||| 00| 0 eng d
020 ## - INTERNATIONAL STANDARD BOOK NUMBER
International Standard Book Number 0333587596
040 ## - CATALOGING SOURCE
Transcribing agency HU
082 ## - DEWEY DECIMAL CLASSIFICATION NUMBER
Classification number 613947DIE
100 ## - MAIN ENTRY--PERSONAL NAME
Personal name Guenther Dietz
9 (RLIN) 5499
245 ## - TITLE STATEMENT
Title Maternal Health and Family Plannig
260 ## - PUBLICATION, DISTRIBUTION, ETC.
Name of publisher, distributor, etc. 613.94/DEL
Date of publication, distribution, etc. Natrition
300 ## - PHYSICAL DESCRIPTION
Extent 120
942 ## - ADDED ENTRY ELEMENTS (KOHA)
Source of classification or shelving scheme Dewey Decimal Classification
Koha item type Books like text book referance book
Suppress in OPAC No
Holdings
Withdrawn status Lost status Source of classification or shelving scheme Damaged status Not for loan Home library Current library Shelving location Date acquired Total Checkouts Full call number Barcode Date last seen Copy number Price effective from Koha item type
    Dewey Decimal Classification     Natural & Computational Science Library Natural & Computational Science Library General Stacks 09/21/2021   615.94/DIE NSCLIB00008064 09/21/2021 1 09/21/2021 Books like text book referance book
    Dewey Decimal Classification     Social Library Social Library General Stacks 10/19/2021   304.66/MAT SHLIB00002100 10/19/2021 1 10/19/2021 Books like text book referance book